000
00217nam a22000857a 4500
008
161013b xxu||||| |||| 00| 0 eng d
100
_9
836
_a
Hindi
245
_a
Hindi Story Books
260
_a
New Delhi
_b
Atmaram and Sons
_c
2007
999
_c
3488
_d
3488